[Event "World Youth U-16 Olympiad 2018"]
[Site "Konya"]
[Date "2018.11.25"]
[Round "1"]
[White "Chua, Jia-Tien"]
[Black "Faerber, David"]
[Result "1/2-1/2"]
[WhiteElo "1741"]
[BlackElo "2291"]
[Annotator "NA"]
[PlyCount "121"]
[EventDate "2018.11.25"]
[EventType "team-tourn"]
[EventCountry "TUR"]
[SourceTitle "playchess.com"]
[Source "ChessBase"]
[SourceQuality "1"]
[WhiteTeam "Malaysia"]
[BlackTeam "Germany"]
[WhiteTeamCountry "MAS"]
[BlackTeamCountry "GER"]

1. e4 c5 2. Nc3 Nc6 3. g3 g6 4. Bg2 Bg7 5. Nge2 d6 6. d3 Rb8 7. Be3 b5 8. Qd2 b4 9. Nd1 Nd4 10. O-O e6 11. Nc1 Ne7 12. c3 bxc3 13. bxc3 Ndc6 14. Bh6 O-O 15. Bxg7 Kxg7 16. Ne3 Bd7 17. d4 cxd4 18. cxd4 Qa5 19. Qxa5 Nxa5 20. e5 d5 21. Nb3 Nxb3 22. axb3 Nc6 23. Rfb1 Nxd4 24. Rxa7 Rfd8 25. Rc7 Rxb3 26. Rxb3 Nxb3 27. f4 Nd4 28. Kf2 Nb5 29. Rb7 Bc6 30. Rb6 Rc8 31. Bf1 Nd4 32. Rb4 Nf5 33. Nxf5+ gxf5 34. Ke3 Ra8 35. Rb3 Ra2 36. h3 Ra4 37. Bd3 d4+ 38. Kf2 Ra2+ 39. Ke1 Be4 40. g4 Ra1+ 41. Ke2 Rh1 42. Bc4 Rh2+ 43. Ke1 d3 44. gxf5 d2+ 45. Kd1 Bxf5 46. Be2 Rxe2 47. Kxe2 Kg6 48. Kxd2 Kh5 49. Ke2 Kh4 50. Kf3 Bxh3 51. Rb7 Bg4+ 52. Kf2 Bh5 53. Rb1 Kg4 54. Ke3 Bg6 55. Rg1+ Kh5 56. Kf3 Kh6 57. Kg4 Kg7 58. Rc1 h6 59. Rc7 Bf5+ 60. Kh4 Bg6 61. Kg4 1/2-1/2

[Event "World Youth U-16 Olympiad 2018"]
[Site "Konya"]
[Date "2018.11.25"]
[Round "1"]
[White "Benrekia, Yacine"]
[Black "Caglar, Sila"]
[Result "0-1"]
[WhiteElo "1689"]
[BlackElo "2184"]
[Annotator "NA"]
[PlyCount "119"]
[EventDate "2018.11.25"]
[EventType "team-tourn"]
[EventCountry "TUR"]
[SourceTitle "playchess.com"]
[Source "ChessBase"]
[SourceQuality "1"]
[WhiteTeam "Algeria"]
[BlackTeam "Turkey"]
[WhiteTeamCountry "ALG"]
[BlackTeamCountry "TUR"]

1. e4 c5 2. Nf3 e6 3. d4 cxd4 4. Nxd4 Nc6 5. Nc3 Qc7 6. a3 a6 7. Be3 Nf6 8. Qf3 Be7 9. Be2 O-O 10. O-O d6 11. Rad1 Bd7 12. Qg3 Kh8 13. f4 b5 14. Bf3 Rab8 15. Nxc6 Bxc6 16. Bd4 b4 17. axb4 Rxb4 18. b3 Rc8 19. e5 dxe5 20. Bxe5 Qb6+ 21. Kh1 Ne8 22. Bxc6 Qxc6 23. Qf3 Qxf3 24. Rxf3 f6 25. Bd4 Kg8 26. Rd2 Nd6 27. g4 Nf7 28. h3 Rb7 29. Na4 e5 30. fxe5 fxe5 31. Be3 Ng5 32. Bxg5 Bxg5 33. Re2 Bf4 34. Nb2 g5 35. Nd3 Rb5 36. Nxf4 exf4 37. Kg2 Rd5 38. h4 h6 39. hxg5 hxg5 40. c4 Rdc5 41. Re6 a5 42. Rd3 a4 43. bxa4 Rb8 44. Rd5 Rb2+ 45. Kf3 Rxc4 46. Rxg5+ Kf7 47. Re4 Rc3+ 48. Kxf4 Rf2+ 49. Ke5 Rc5+ 50. Kd6 Rxg5 51. Rb4 Rd2+ 52. Kc7 Ke6 53. Rb6+ Ke7 54. Rb5 Rxg4 55. a5 Rc4+ 56. Kb7 Kd8 57. a6 Rc7+ 58. Kb8 Rd6 59. a7 Rdd7 60. Ka8 0-1

[Event "World Youth U-16 Olympiad 2018"]
[Site "Konya"]
[Date "2018.11.25"]
[Round "1"]
[White "Modi, Sonia"]
[Black "Mis, Mieszko"]
[Result "0-1"]
[WhiteElo "1588"]
[BlackElo "2307"]
[Annotator "NA"]
[PlyCount "58"]
[EventDate "2018.11.25"]
[EventType "team-tourn"]
[EventCountry "TUR"]
[SourceTitle "playchess.com"]
[Source "ChessBase"]
[SourceQuality "1"]
[WhiteTeam "South Africa"]
[BlackTeam "Poland"]
[WhiteTeamCountry "RSA"]
[BlackTeamCountry "POL"]

1. c4 c5 2. g3 g6 3. Bg2 Bg7 4. Nc3 Nc6 5. Nf3 e6 6. d4 d5 7. Nb5 cxd4 8. Nfxd4 Nxd4 9. Nxd4 dxc4 10. Qa4+ Bd7 11. Qxc4 Rc8 12. Qd3 Qb6 13. Be3 Qb4+ 14. Qd2 Qxd2+ 15. Kxd2 Nf6 16. Rac1 Rd8 17. Bf4 Bc6 18. Bxc6+ bxc6 19. e3 c5 20. Be5 cxd4 21. exd4 O-O 22. Rc7 a5 23. Rhc1 Bh6+ 24. f4 Ng4 25. Ke2 f6 26. Re7 fxe5 27. dxe5 Nxe5 28. Rxe6 Rfe8 29. Rxe8+ Rxe8 0-1

[Event "World Youth U-16 Olympiad 2018"]
[Site "Konya"]
[Date "2018.11.25"]
[Round "1"]
[White "Aubakirov, Shyngys"]
[Black "Isik, Alparslan"]
[Result "0-1"]
[WhiteElo "1546"]
[BlackElo "2220"]
[Annotator "NA"]
[PlyCount "74"]
[EventDate "2018.11.25"]
[EventType "team-tourn"]
[EventCountry "TUR"]
[SourceTitle "playchess.com"]
[Source "ChessBase"]
[SourceQuality "1"]
[WhiteTeam "Kazakhstan"]
[BlackTeam "Turkey"]
[WhiteTeamCountry "KAZ"]
[BlackTeamCountry "TUR"]

1. e4 c5 2. Nc3 a6 3. a4 Nc6 4. f4 g6 5. Bc4 Bg7 6. d3 e6 7. Nf3 Nge7 8. O-O d5 9. Bb3 O-O 10. Qe1 Nd4 11. Nxd4 cxd4 12. Ne2 Bd7 13. e5 Nc6 14. Qf2 f6 15. Nxd4 fxe5 16. Nxc6 bxc6 17. Qg3 exf4 18. Bxf4 Bxb2 19. Rab1 Bd4+ 20. Be3 Qb6 21. Rfe1 Bxe3+ 22. Qxe3 Qxe3+ 23. Rxe3 a5 24. d4 Rab8 25. Ba2 Rxb1+ 26. Bxb1 Rb8 27. Rb3 Rxb3 28. cxb3 e5 29. dxe5 Kf7 30. Kf2 Ke6 31. Ke3 Kxe5 32. g3 Bf5 33. Ba2 c5 34. Kd2 Kd4 35. Kc1 Kc3 36. b4 cxb4 37. Bxd5 b3 0-1

[Event "World Youth U-16 Olympiad 2018"]
[Site "Konya"]
[Date "2018.11.25"]
[Round "1"]
[White "Chicarosie, Ioana-Bianca"]
[Black "Koubova, Anna Marie"]
[Result "0-1"]
[WhiteElo "1508"]
[BlackElo "2022"]
[Annotator "NA"]
[PlyCount "88"]
[EventDate "2018.11.25"]
[EventType "team-tourn"]
[EventCountry "TUR"]
[SourceTitle "playchess.com"]
[Source "ChessBase"]
[SourceQuality "1"]
[WhiteTeam "Romania"]
[BlackTeam "Czech Republic"]
[WhiteTeamCountry "ROU"]
[BlackTeamCountry "CZE"]

1. d4 Nf6 2. Nf3 g6 3. Nbd2 Bg7 4. e4 d6 5. c3 O-O 6. Bc4 c5 7. O-O cxd4 8. cxd4 d5 9. exd5 Nxd5 10. Nb3 Nc6 11. Qe2 Bg4 12. Rd1 a5 13. a4 Nb6 14. Bb5 Qd5 15. Be3 Qxb3 16. d5 Nxd5 17. Bc4 Qxb2 18. Rac1 Qxe2 19. Bxe2 Nc3 20. Re1 Nxa4 21. h3 Bf5 22. Rf1 Nc3 23. Bc4 a4 24. Kh1 a3 25. Bd2 Ne4 26. Bf4 a2 27. Bxa2 Rxa2 28. Be3 Rfa8 29. Rcd1 Ra1 30. Rc1 Rxc1 31. Rxc1 Ra1 32. Kg1 Rxc1+ 33. Bxc1 b5 34. Kf1 b4 35. Nd2 Nxd2+ 36. Bxd2 b3 37. Bc1 Nb4 38. Ke1 Nd3+ 39. Kd2 Nxc1 40. Kxc1 b2+ 41. Kd2 b1=Q 42. Ke3 Qd3+ 43. Kf4 Bh6+ 44. Ke5 Qe4# 0-1

[Event "World Youth U-16 Olympiad 2018"]
[Site "Konya"]
[Date "2018.11.25"]
[Round "1"]
[White "Karibaev, Dimash"]
[Black "Kocyigit, Buse Naz"]
[Result "0-1"]
[WhiteElo "1460"]
[BlackElo "2005"]
[Annotator "NA"]
[PlyCount "98"]
[EventDate "2018.11.25"]
[EventType "team-tourn"]
[EventCountry "TUR"]
[SourceTitle "playchess.com"]
[Source "ChessBase"]
[SourceQuality "1"]
[WhiteTeam "Kazakhstan"]
[BlackTeam "Turkey"]
[WhiteTeamCountry "KAZ"]
[BlackTeamCountry "TUR"]

1. e4 c5 2. c4 Nc6 3. Nc3 g6 4. d3 Bg7 5. f4 d6 6. Nf3 Bg4 7. Be2 e6 8. O-O Nge7 9. h3 Bxf3 10. Bxf3 O-O 11. Be3 Nd4 12. Bxd4 Bxd4+ 13. Kh2 f5 14. Qe1 Qd7 15. Rb1 Rae8 16. Nb5 fxe4 17. Bg4 e3 18. b4 Nf5 19. bxc5 dxc5 20. Bf3 b6 21. g3 Ng7 22. Nxd4 cxd4 23. c5 bxc5 24. Qa5 Rb8 25. Qxc5 Qa4 26. a3 Rbc8 27. Qe5 Qc2+ 28. Kg1 Qc5 29. Qxc5 Rxc5 30. Rb4 Rd8 31. g4 Rc3 32. Rfb1 Rxd3 33. Rb8 Rxb8 34. Rxb8+ Kf7 35. Rb7+ Kg8 36. Rb8+ Kf7 37. Rb7+ Kf8 38. Rxa7 Rc3 39. f5 Rc1+ 40. Kg2 gxf5 41. Ra8+ Kf7 42. g5 Rc2+ 43. Kf1 Rf2+ 44. Ke1 Rxf3 45. a4 d3 46. Rd8 e2 47. Kd2 Rf1 48. Kxd3 Rd1+ 49. Kxe2 Rxd8 0-1

[Event "World Youth U-16 Olympiad 2018"]
[Site "Konya"]
[Date "2018.11.25"]
[Round "1"]
[White "Djerroud, Chahrazed"]
[Black "Ferkova, Dominika"]
[Result "0-1"]
[WhiteElo "1389"]
[BlackElo "2086"]
[Annotator "NA"]
[PlyCount "96"]
[EventDate "2018.11.25"]
[EventType "team-tourn"]
[EventCountry "TUR"]
[SourceTitle "playchess.com"]
[Source "ChessBase"]
[SourceQuality "1"]
[WhiteTeam "Algeria"]
[BlackTeam "Slovakia"]
[WhiteTeamCountry "ALG"]
[BlackTeamCountry "SVK"]

1. e4 c6 2. d4 d5 3. Nc3 dxe4 4. Nxe4 Bf5 5. Ng3 Bg6 6. Bd3 Qxd4 7. Nf3 Qd8 8. O-O Bxd3 9. cxd3 e6 10. Re1 Be7 11. Qb3 Qb6 12. Qc2 Nf6 13. Be3 Qc7 14. a3 O-O 15. d4 h6 16. Qd2 Ng4 17. Bf4 Bd6 18. Ne5 Rd8 19. Rad1 Bxe5 20. Bxe5 Nxe5 21. Rxe5 Nd7 22. Re3 Nf6 23. Rf3 Qe7 24. Re1 Nd5 25. Nf5 Qg5 26. Nxh6+ Qxh6 27. Qxh6 gxh6 28. Re5 Ne7 29. Rg3+ Ng6 30. Re4 Rd5 31. h4 Rad8 32. Kh2 Rxd4 33. Rgg4 Rxe4 34. Rxe4 Rd5 35. Rb4 Rb5 36. Rxb5 cxb5 37. Kg3 h5 38. Kh3 f5 39. f3 e5 40. g4 fxg4+ 41. fxg4 Kf7 42. gxh5 Nf8 43. Kg4 Kf6 44. h6 Nh7 45. b3 a5 46. b4 b6 47. Kh5 Kf5 48. bxa5 Nf6# 0-1

[Event "World Youth U-16 Olympiad 2018"]
[Site "Konya"]
[Date "2018.11.25"]
[Round "1"]
[White "Oflaz, Avni"]
[Black "Kistrup, Nicolai"]
[Result "0-1"]
[WhiteElo "1361"]
[BlackElo "2092"]
[Annotator "NA"]
[PlyCount "100"]
[EventDate "2018.11.25"]
[EventType "team-tourn"]
[EventCountry "TUR"]
[SourceTitle "playchess.com"]
[Source "ChessBase"]
[SourceQuality "1"]
[WhiteTeam "Turkey"]
[BlackTeam "Denmark"]
[WhiteTeamCountry "TUR"]
[BlackTeamCountry "DEN"]

1. e4 e5 2. Nf3 Nc6 3. Bc4 Bc5 4. d3 Nf6 5. Nc3 h6 6. Nd5 d6 7. h3 O-O 8. O-O Be6 9. Be3 Bxe3 10. fxe3 Bxd5 11. Bxd5 Nxd5 12. exd5 Ne7 13. c4 c6 14. dxc6 bxc6 15. Qc2 Ng6 16. d4 Qe7 17. Rf2 e4 18. Nd2 f5 19. Raf1 Qg5 20. Qc3 Rae8 21. b4 f4 22. exf4 Rxf4 23. Rxf4 Nxf4 24. Rxf4 Qxf4 25. d5 e3 26. Nf3 cxd5 27. cxd5 e2 28. Qe1 Qe3+ 29. Kh1 Rc8 30. Kh2 Rc1 31. Qg3 e1=Q 32. Nxe1 Qxg3+ 33. Kxg3 Rxe1 34. a4 Re4 35. b5 Rxa4 36. Kf3 Rd4 37. g4 Rxd5 38. h4 Rxb5 39. g5 h5 40. Ke4 Kf7 41. Kf4 Ke6 42. g6 Re5 43. Kf3 Kd5 44. Kf4 Kd4 45. Kf3 Rf5+ 46. Kg3 Ke3 47. Kg2 Rf3 48. Kg1 Rg3+ 49. Kf1 Rg4 50. Ke1 Rg1# 0-1

[Event "World Youth U-16 Olympiad 2018"]
[Site "Konya"]
[Date "2018.11.25"]
[Round "1"]
[White "Kadyrkulov, Saiid"]
[Black "Ceres, Dragos"]
[Result "0-1"]
[WhiteElo "1325"]
[BlackElo "2324"]
[Annotator "NA"]
[PlyCount "96"]
[EventDate "2018.11.25"]
[EventType "team-tourn"]
[EventCountry "TUR"]
[SourceTitle "playchess.com"]
[Source "ChessBase"]
[SourceQuality "1"]
[WhiteTeam "Kyrgyzstan"]
[BlackTeam "Moldova"]
[WhiteTeamCountry "KGZ"]
[BlackTeamCountry "MDA"]

1. e4 e5 2. Nf3 Nc6 3. Bc4 Nf6 4. d3 h6 5. Nc3 d6 6. h3 Na5 7. Bb3 Nxb3 8. axb3 g6 9. Be3 Bg7 10. d4 exd4 11. Bxd4 O-O 12. O-O Re8 13. Re1 a6 14. e5 dxe5 15. Bxe5 Bf5 16. Nd4 Bd7 17. b4 c6 18. Qd2 Ne4 19. Nxe4 Rxe5 20. c3 Qc7 21. Rad1 Rae8 22. f3 Bc8 23. Nb3 Qe7 24. Rf1 Be6 25. Na5 Bd5 26. Ng3 b6 27. c4 bxa5 28. cxd5 Rxd5 29. Qc2 axb4 30. Qxc6 Qc5+ 31. Qxc5 Rxc5 32. Ne4 Rc2 33. b3 f5 34. Nd6 Ree2 35. Rfe1 Rxg2+ 36. Kh1 Rh2+ 37. Kg1 Rxh3 38. Ne8 Bf8 39. Nf6+ Kf7 40. Nd7 Be7 41. Ne5+ Kg8 42. Nd7 Bh4 43. Re6 Bf2+ 44. Kg2 Rg3+ 45. Kh1 Bg1 46. Rxg6+ Rxg6 47. Rxg1 Rxg1+ 48. Kxg1 Rc3 0-1

[Event "World Youth U-16 Olympiad 2018"]
[Site "Konya"]
[Date "2018.11.25"]
[Round "1"]
[White "Gedik, Kerem Bilge"]
[Black "Jacobsen, Shanne Hedegaard"]
[Result "1-0"]
[WhiteElo "1211"]
[BlackElo "1261"]
[Annotator "NA"]
[PlyCount "45"]
[EventDate "2018.11.25"]
[EventType "team-tourn"]
[EventCountry "TUR"]
[SourceTitle "playchess.com"]
[Source "ChessBase"]
[SourceQuality "1"]
[WhiteTeam "Turkey"]
[BlackTeam "Denmark"]
[WhiteTeamCountry "TUR"]
[BlackTeamCountry "DEN"]

1. e4 e5 2. Nf3 Nc6 3. Bc4 Bc5 4. d3 h6 5. Be3 Bxe3 6. fxe3 d6 7. O-O Nf6 8. Nc3 O-O 9. a4 Ne7 10. Nh4 Nc6 11. Nf5 Bxf5 12. Rxf5 Nb4 13. Qe2 d5 14. exd5 Nbxd5 15. Nxd5 Nxd5 16. Rxe5 c6 17. Rf5 Re8 18. e4 Qb6+ 19. Qf2 Qxf2+ 20. Kxf2 g6 21. Rf3 b5 22. axb5 cxb5 23. Bxd5 1-0

[Event "World Youth U-16 Olympiad 2018"]
[Site "Konya"]
[Date "2018.11.25"]
[Round "1"]
[White "Ni Laighleis, Aisling"]
[Black "Pipia, Ekaterine"]
[Result "0-1"]
[WhiteElo "1188"]
[BlackElo "1995"]
[Annotator "NA"]
[PlyCount "47"]
[EventDate "2018.11.25"]
[EventType "team-tourn"]
[EventCountry "TUR"]
[SourceTitle "playchess.com"]
[Source "ChessBase"]
[SourceQuality "1"]
[WhiteTeam "Ireland"]
[BlackTeam "Georgia"]
[WhiteTeamCountry "IRL"]
[BlackTeamCountry "GEO"]

1. e4 g6 2. d3 Bg7 3. c3 d6 4. d4 a6 5. f3 b5 6. Bd3 c5 7. d5 Nf6 8. Ne2 Bb7 9. O-O Nbd7 10. c4 Qb6 11. a3 Ne5 12. Be3 bxc4 13. Bc2 O-O 14. Ra2 Rab8 15. Nd2 a5 16. Bf4 Nfd7 17. Ba4 c3 18. Nxc3 Ba6 19. Re1 Nd3 20. Re3 Nxf4 21. Bxd7 Bd4 22. Qe1 Nd3 23. Qe2 Nc1 24. Qd1 0-1

[Event "World Youth U-16 Olympiad 2018"]
[Site "Konya"]
[Date "2018.11.26"]
[Round "2"]
[White "Esipenko, Andrey"]
[Black "Semjonovs, Ilja"]
[Result "1-0"]
[WhiteElo "2609"]
[BlackElo "2245"]
[Annotator "TA"]
[PlyCount "57"]
[EventDate "2018.11.25"]
[EventType "team-tourn"]
[EventCountry "TUR"]
[SourceTitle "playchess.com"]
[Source "ChessBase"]
[SourceQuality "1"]
[WhiteTeam "Russia"]
[BlackTeam "Latvia"]
[WhiteTeamCountry "RUS"]
[BlackTeamCountry "LAT"]

1. d4 Nf6 2. Nf3 c5 3. d5 e6 4. Nc3 b5 5. dxe6 fxe6 6. e4 b4 7. Nb5 a6 8. Nd6+ Bxd6 9. Qxd6 Nxe4 10. Qe5 Nf6 11. Qxc5 Nc6 12. Bf4 Bb7 13. Bd3 Rc8 14. Qg5 Qe7 15. O-O-O Nd8 16. Bd6 Nf7 17. Qxg7 Qxd6 18. Qxf6 Qe7 19. Qf4 O-O 20. Kb1 e5 21. Qg4+ Kh8 22. Rhe1 d6 23. Qxb4 Rb8 24. Qg4 Rg8 25. Qh5 e4 26. Nd4 d5 27. f3 Rg5 28. Qh4 Qc5 29. Ne6 1-0

[Event "World Youth U-16 Olympiad 2018"]
[Site "Konya"]
[Date "2018.11.26"]
[Round "2"]
[White "Yakubboev, Nodirbek"]
[Black "Pacan-Milej, Kosma"]
[Result "1-0"]
[WhiteElo "2549"]
[BlackElo "2334"]
[Annotator "TA"]
[PlyCount "61"]
[EventDate "2018.11.25"]
[EventType "team-tourn"]
[EventCountry "TUR"]
[SourceTitle "playchess.com"]
[Source "ChessBase"]
[SourceQuality "1"]
[WhiteTeam "Uzbekistan"]
[BlackTeam "Poland"]
[WhiteTeamCountry "UZB"]
[BlackTeamCountry "POL"]

1. d4 Nf6 2. Bg5 d5 3. e3 c6 4. Bd3 Bg4 5. Ne2 Nbd7 6. f3 Bh5 7. O-O e5 8. c4 dxc4 9. Bxc4 Be7 10. Nbc3 O-O 11. Ng3 Bg6 12. f4 exd4 13. exd4 h6 14. Bh4 b5 15. Bb3 b4 16. f5 Bh7 17. Na4 c5 18. d5 Ne5 19. Re1 Nfd7 20. Bxe7 Qxe7 21. d6 Qf6 22. Rc1 Rae8 23. Nxc5 Nxc5 24. Rxc5 Nd3 25. Bxf7+ Kh8 26. Qxd3 Rxe1+ 27. Kf2 Rb1 28. d7 Rxb2+ 29. Kf3 Rd8 30. Rc8 Qb6 31. Qe4 1-0

[Event "World Youth U-16 Olympiad 2018"]
[Site "Konya"]
[Date "2018.11.26"]
[Round "2"]
[White "Ivic, Velimir"]
[Black "Schitco, Ivan"]
[Result "1/2-1/2"]
[WhiteElo "2497"]
[BlackElo "2376"]
[Annotator "TA"]
[PlyCount "124"]
[EventDate "2018.11.25"]
[EventType "team-tourn"]
[EventCountry "TUR"]
[SourceTitle "playchess.com"]
[Source "ChessBase"]
[SourceQuality "1"]
[WhiteTeam "Serbia"]
[BlackTeam "Moldova"]
[WhiteTeamCountry "SRB"]
[BlackTeamCountry "MDA"]

1. e4 e5 2. Nf3 Nc6 3. Bb5 a6 4. Ba4 Nf6 5. O-O Be7 6. d3 b5 7. Bb3 d6 8. a3 Na5 9. Ba2 c5 10. Nc3 Be6 11. Nh4 b4 12. axb4 cxb4 13. Nd5 b3 14. Nxe7 Qxe7 15. Bb1 Nc6 16. c3 O-O 17. Nf3 d5 18. exd5 Bxd5 19. Re1 Qd6 20. Nd2 Rfd8 21. Nxb3 Bc4 22. Re3 a5 23. Ra4 Bb5 24. Rh4 Ne7 25. d4 Ba4 26. Qe1 Bxb3 27. dxe5 Qd1 28. exf6 Ng6 29. Rd4 Rxd4 30. cxd4 Qxe1+ 31. Rxe1 gxf6 32. Bd2 a4 33. Bf5 Rd8 34. Bc3 Kg7 35. g3 Nf8 36. Re2 Ne6 37. Re4 Ng5 38. Re3 Ne6 39. Re4 Ng5 40. Re3 Ne6 41. Bxe6 fxe6 42. f3 Bd5 43. g4 Ra8 44. Bb4 Rb8 45. Ba3 Rb3 46. Kf2 Kg6 47. Rc3 h5 48. h4 Bb7 49. Ke3 Bd5 50. Kf4 Bb7 51. Ke3 Bd5 52. Kf4 Bb7 53. Rxb3 axb3 54. Be7 e5+ 55. dxe5 fxe5+ 56. Kg3 e4 57. gxh5+ Kxh5 58. f4 Bc8 59. Kf2 Kg4 60. Ke3 Bf5 61. Bg5 Bg6 62. Kd2 Bh7 1/2-1/2

[Event "World Youth U-16 Olympiad 2018"]
[Site "Konya"]
[Date "2018.11.26"]
[Round "2"]
[White "Sargsyan, Shant"]
[Black "Orozbaev, Eldiar"]
[Result "1/2-1/2"]
[WhiteElo "2463"]
[BlackElo "1785"]
[Annotator "TA"]
[PlyCount "120"]
[EventDate "2018.11.25"]
[EventType "team-tourn"]
[EventCountry "TUR"]
[SourceTitle "playchess.com"]
[Source "ChessBase"]
[SourceQuality "1"]
[WhiteTeam "Armenia"]
[BlackTeam "Kyrgyzstan"]
[WhiteTeamCountry "ARM"]
[BlackTeamCountry "KGZ"]

1. g3 d5 2. Nf3 c6 3. Bg2 g6 4. O-O Bg7 5. d4 Nf6 6. c4 O-O 7. Nbd2 Ne4 8. b3 Nxd2 9. Qxd2 dxc4 10. bxc4 c5 11. Bb2 cxd4 12. Nxd4 Nc6 13. e3 e5 14. Nb3 Qxd2 15. Nxd2 Be6 16. c5 f5 17. Rfd1 Rfd8 18. Nb3 e4 19. Bxg7 Kxg7 20. f3 Bd5 21. fxe4 fxe4 22. Rd2 a5 23. Rb1 Bxb3 24. Rxd8 Rxd8 25. Rxb3 Rd1+ 26. Kf2 Rd2+ 27. Kf1 Nb4 28. Bxe4 Rxa2 29. Rc3 Ra1+ 30. Kg2 a4 31. Bxb7 a3 32. c6 a2 33. c7 Rg1+ 34. Kf3 Rf1+ 35. Ke4 a1=Q 36. c8=Q Qb1+ 37. Kd4 Rf7 38. Kc4 Na2 39. Bd5 Qb4+ 40. Kd3 Nxc3 41. Bxf7 Qb1+ 42. Kc4 Ne4 43. Qg8+ Kf6 44. Kd4 Nf2 45. Bc4 Qe4+ 46. Kc5 Qxe3+ 47. Kc6 Qe4+ 48. Kb6 Qd4+ 49. Kc6 Qe4+ 50. Bd5 Qa4+ 51. Kb6 Qb4+ 52. Kc6 Qa4+ 53. Kc7 Qa5+ 54. Kc8 Qc5+ 55. Kd7 Qa7+ 56. Kc6 Qa4+ 57. Kd6 Qb4+ 58. Kd7 Qa4+ 59. Kd6 Qb4+ 60. Kc7 Qa5+ 1/2-1/2

[Event "World Youth U-16 Olympiad 2018"]
[Site "Konya"]
[Date "2018.11.26"]
[Round "2"]
[White "Bjerre, Jonas Buhl"]
[Black "Petriashvili, Nikoloz"]
[Result "0-1"]
[WhiteElo "2422"]
[BlackElo "2389"]
[Annotator "TA"]
[PlyCount "110"]
[EventDate "2018.11.25"]
[EventType "team-tourn"]
[EventCountry "TUR"]
[SourceTitle "playchess.com"]
[Source "ChessBase"]
[SourceQuality "1"]
[WhiteTeam "Denmark"]
[BlackTeam "Georgia"]
[WhiteTeamCountry "DEN"]
[BlackTeamCountry "GEO"]

1. e4 c5 2. Nf3 Nc6 3. d4 cxd4 4. Nxd4 g6 5. c4 Nf6 6. Nc3 Nxd4 7. Qxd4 d6 8. Be2 Bg7 9. Be3 O-O 10. Qd2 Be6 11. Rc1 Qa5 12. f3 Rfc8 13. b3 a6 14. Na4 Qxd2+ 15. Kxd2 Nd7 16. g4 f5 17. gxf5 gxf5 18. Bd3 f4 19. Bf2 Kf7 20. Rhg1 Be5 21. Nc3 Rg8 22. Nd5 Bh3 23. Be2 Rg6 24. Rxg6 hxg6 25. b4 a5 26. b5 Rh8 27. Rg1 Rh5 28. Bd1 g5 29. Be2 Be6 30. Rg2 g4 31. fxg4 Rh3 32. Bd1 f3 33. Rg1 Bxh2 34. Rf1 Bxg4 35. Bd4 Be5 36. Bg1 Bg7 37. Ne3 Bh6 38. Kc3 Bxe3 39. Bxe3 Nf6 40. Kd4 f2 41. Bb3 a4 42. Bxa4 Be2 43. Rxf2 e5+ 44. Kc3 Rxe3+ 45. Kd2 Ra3 46. Bb3 Bg4 47. Kd3 Ke7 48. Rh2 Bf3 49. Rh4 Bd1 50. Kc3 Bxb3 51. axb3 Ra1 52. Kb4 b6 53. Rh8 Nxe4 54. Rb8 Nc5 55. Rxb6 Rb1 0-1

[Event "World Youth U-16 Olympiad 2018"]
[Site "Konya"]
[Date "2018.11.26"]
[Round "2"]
[White "Gadimbayli, Abdulla"]
[Black "Modi, Yashil"]
[Result "1-0"]
[WhiteElo "2419"]
[BlackElo "1955"]
[Annotator "TA"]
[PlyCount "55"]
[EventDate "2018.11.25"]
[EventType "team-tourn"]
[EventCountry "TUR"]
[SourceTitle "playchess.com"]
[Source "ChessBase"]
[SourceQuality "1"]
[WhiteTeam "Azerbaijan"]
[BlackTeam "South Africa"]
[WhiteTeamCountry "AZE"]
[BlackTeamCountry "RSA"]

1. e4 e5 2. Nf3 Nc6 3. Nc3 Nf6 4. d4 exd4 5. Nxd4 Bb4 6. Nxc6 bxc6 7. Bd3 d6 8. O-O Ng4 9. Na4 Ne5 10. a3 Ba5 11. b4 Bb6 12. Bb2 Qg5 13. Nxb6 Bh3 14. g3 Nxd3 15. Nxa8 Nxb2 16. Nxc7+ Kd7 17. Qd4 Bxf1 18. Rxf1 Rc8 19. Na6 Qf6 20. Qxa7+ Ke6 21. Nc7+ Ke5 22. Qa5+ Kxe4 23. Re1+ Kd4 24. Qb6+ c5 25. Nb5+ Kd5 26. Qb7+ Rc6 27. Nc7+ Kc4 28. Qxc6 1-0

[Event "World Youth U-16 Olympiad 2018"]
[Site "Konya"]
[Date "2018.11.26"]
[Round "2"]
[White "Brodsky, David"]
[Black "Veiga, Jose Francisco R P "]
[Result "1/2-1/2"]
[WhiteElo "2415"]
[BlackElo "2305"]
[Annotator "TA"]
[PlyCount "76"]
[EventDate "2018.11.25"]
[EventType "team-tourn"]
[EventCountry "TUR"]
[SourceTitle "playchess.com"]
[Source "ChessBase"]
[SourceQuality "1"]
[WhiteTeam "United States"]
[BlackTeam "Portugal"]
[WhiteTeamCountry "USA"]
[BlackTeamCountry "POR"]

1. e4 e5 2. Nf3 Nc6 3. Bc4 Bc5 4. O-O Nf6 5. d3 O-O 6. Re1 Ng4 7. Re2 Kh8 8. h3 f5 9. Nc3 d6 10. exf5 Nxf2 11. Rxf2 Bxf5 12. Qe2 Bxf2+ 13. Qxf2 Bxh3 14. Qg3 Bf5 15. Be3 Ne7 16. Bb3 Bg6 17. Nh4 Bf7 18. Bg5 Bxb3 19. Ng6+ hxg6 20. Qh4+ Kg8 21. Bxe7 Qd7 22. Bxf8 Bxc2 23. Be7 Bxd3 24. Bg5 c6 25. Re1 Re8 26. Ne4 Bxe4 27. Rxe4 Qf5 28. Re3 Rf8 29. Be7 Qf1+ 30. Kh2 Rf5 31. Rh3 Rh5 32. Qg4 Rxh3+ 33. Kxh3 Qd3+ 34. Kh2 Kf7 35. Qd7 Qf5 36. Qxd6 Qf4+ 37. Kg1 Qe3+ 38. Kh2 Qf4+ 1/2-1/2

[Event "World Youth U-16 Olympiad 2018"]
[Site "Konya"]
[Date "2018.11.26"]
[Round "2"]
[White "Kosakowski, Jakub"]
[Black "Abdusattorov, Nodirbek"]
[Result "0-1"]
[WhiteElo "2413"]
[BlackElo "2560"]
[Annotator "TA"]
[PlyCount "116"]
[EventDate "2018.11.25"]
[EventType "team-tourn"]
[EventCountry "TUR"]
[SourceTitle "playchess.com"]
[Source "ChessBase"]
[SourceQuality "1"]
[WhiteTeam "Poland"]
[BlackTeam "Uzbekistan"]
[WhiteTeamCountry "POL"]
[BlackTeamCountry "UZB"]

1. e4 c5 2. Nf3 d6 3. d4 cxd4 4. Nxd4 Nf6 5. Nc3 a6 6. Bg5 e6 7. f4 h6 8. Bh4 Qb6 9. a3 Be7 10. Bf2 Qc7 11. Qf3 Nbd7 12. O-O-O b5 13. g4 Bb7 14. Bg2 g5 15. f5 e5 16. Nb3 h5 17. h3 Rc8 18. Qe2 Bc6 19. Kb1 a5 20. Nd5 Bxd5 21. exd5 a4 22. Nc1 hxg4 23. hxg4 Rxh1 24. Rxh1 Nxg4 25. Be4 Nxf2 26. Rh8+ Bf8 27. Qxf2 Nf6 28. Bd3 Qc5 29. Qd2 g4 30. Qa5 Ke7 31. b4 axb3 32. Nxb3 Qc7 33. Qxb5 Rb8 34. Qa4 Qb6 35. Ka2 g3 36. Bf1 Rc8 37. Kb2 Qc7 38. c4 Qb6 39. c5 dxc5 40. Qc4 Qd6 41. Bg2 e4 42. Kc2 Qe5 43. Rh4 Bg7 44. Nd2 Kf8 45. d6 Qxd6 46. Nxe4 Qe5 47. Nc3 Qxf5+ 48. Qd3 Qe5 49. Rh3 Nh5 50. Nd5 Rb8 51. Nb6 Rxb6 52. Qd8+ Qe8 53. Qxb6 Qe2+ 54. Kc1 Qe1+ 55. Kc2 Qf2+ 56. Kd1 Qg1+ 57. Kd2 Qxg2+ 58. Kd3 Nf4+ 0-1